ដើមកំណើតអង្គរ / (Record no. 6542)
[ view plain ]
| 000 -LEADER | |
|---|---|
| fixed length control field | 02693nam a22002177a 4500 |
| 001 - CONTROL NUMBER | |
| control field | 6542 |
| 003 - CONTROL NUMBER IDENTIFIER | |
| control field | FISKH |
| 005 - DATE AND TIME OF LATEST TRANSACTION | |
| control field | 20250508152640.0 |
| 008 - FIXED-LENGTH DATA ELEMENTS--GENERAL INFORMATION | |
| fixed length control field | 250508b cb ||||| |||| 00| 0 eng d |
| 040 ## - CATALOGING SOURCE | |
| Original cataloging agency | FISKH |
| Language of cataloging | khr |
| Transcribing agency | FISKH |
| Modifying agency | FISKH |
| 082 ## - DEWEY DECIMAL CLASSIFICATION NUMBER | |
| Classification number | 915.09596 |
| 100 ## - MAIN ENTRY--PERSONAL NAME | |
| Personal name | Bo, Ma |
| 245 ## - TITLE STATEMENT | |
| Title | ដើមកំណើតអង្គរ / |
| Statement of responsibility, etc. | រៀបរៀងដោយ ម៉ា បូ ធ្វើការនៅក្រសួងអភិរក្សអង្គរសៀមរាប |
| 260 ## - PUBLICATION, DISTRIBUTION, ETC. | |
| Place of publication, distribution, etc. | ភ្នំពេញ : |
| Date of publication, distribution, etc. | ១៩៦៩ . |
| 300 ## - PHYSICAL DESCRIPTION | |
| Extent | 150 pages : |
| Other physical details | illustrations ; |
| Dimensions | 20 cm . |
| 520 ## - SUMMARY, ETC. | |
| Summary, etc. | សៀវភៅ «ដើមកំណើតអង្គរ» ដែលរៀបរៀងដោយ ម៉ារ បូ គឺជាសៀវភៅដែលផ្តោតលើការសិក្សាពីប្រវត្តិសាស្ត្រនៃអង្គរវត្ត និងអាណាចក្រខ្មែរបុរាណ។ វាបង្ហាញពីដើមកំណើត និងការអភិវឌ្ឍន៍របស់អង្គរជាស្នាដៃស្ថាបត្យកម្ម និងវប្បធម៌ខ្មែរ។ សៀវភៅនេះផ្តល់ព័ត៌មានលម្អិតអំពីស្ថាបត្យកម្ម បុព្វបុរស និងព្រឹត្តិការណ៍សំខាន់ៗដែលបានកើតឡើងនៅក្នុងអង្គរ។<br/><br/><br/>សៀវភៅនេះមានតម្លៃសម្រាប់អ្នកស្រាវជ្រាវ និងអ្នកចាប់អារម្មណ៍លើប្រវត្តិសាស្ត្រនិងវប្បធម៌ខ្មែរ។ វាជាឧបករណ៍ដ៏មានតម្លៃសម្រាប់ការសិក្សានិងការស្រាវជ្រាវអំពីអង្គរវត្ត និងអាណាចក្រខ្មែរ។ |
| 520 ## - SUMMARY, ETC. | |
| Summary, etc. | The book "The Origins of Angkor", compiled by Mar Bo, focuses on the study of the history of Angkor Wat and the ancient Khmer Empire. It explores the origins and development of Angkor as a masterpiece of Khmer architecture and culture. The book provides detailed information about architecture, key historical figures, and important events that took place in Angkor.<br/><br/>This book is valuable for researchers and those interested in Khmer history and culture. It serves as a meaningful resource for studying and researching Angkor Wat and the Khmer Empire. |
| 650 ## - SUBJECT ADDED ENTRY--TOPICAL TERM | |
| Topical term or geographic name entry element | ដើមកំណើតអង្គរ |
| 942 ## - ADDED ENTRY ELEMENTS (KOHA) | |
| Source of classification or shelving scheme | Dewey Decimal Classification |
| Koha item type | Khmer Books |
| Suppress in OPAC | No |
| Withdrawn status | Lost status | Source of classification or shelving scheme | Damaged status | Not for loan | Collection | Home library | Current library | Shelving location | Date acquired | Total Checkouts | Full call number | Barcode | Date last seen | Copy number | Price effective from | Koha item type |
|---|---|---|---|---|---|---|---|---|---|---|---|---|---|---|---|---|
| Dewey Decimal Classification | Khmer Language Books / សៀវភៅភាសាខ្មែរ | Footprints International School Library Network Toul Tom Poung Campus | Footprints International School Library Network Toul Tom Poung Campus | TTP Secondary Khmer Bookshelves | 05/08/2025 | BO 915.09596 | FISSE01761 | 05/08/2025 | 1 | 05/08/2025 | Khmer Books | |||||
| Dewey Decimal Classification | Khmer Language Books / សៀវភៅភាសាខ្មែរ | Footprints International School Library Network Toul Tom Poung Campus | Footprints International School Library Network Toul Tom Poung Campus | TTP Secondary Khmer Bookshelves | 05/21/2025 | BO 915.09596 | FISSE01756 | 05/21/2025 | 2 | 05/21/2025 | Khmer Books |
